00973 2200301 4500001002100000005001500021035002000036007000300056008004100059020002200100082000800122084001200130245018800142260004200330300003100372500001400403500001100417650002500428700001800453700002000471700002200491504002500513710008900538990001100627990001100638990001100649990001100660INLIS00000000000595020200715123921 a0010-0720000118ta200715 g 0 ind  a978-979-2441-19-2 a728 a728 ARS aArsitektur :bRumah Ramah Lingkungan /cDivisi Penerbitan dan Dokumentasi Pusat Pendidikan Lingkungan Hidup (PPLH) Seloliman; penyunting, Bachtiar DM, Ulfah Hidayati, Ahmad I Muttaqin aJakarta :bCitraunggul Laksana,c2010 a52 hlm. :bilus. ;c21 cm. aGlosarium aIndeks 4aARSITEKTUR PERUMAHAN0 aBACHTIAR, DM.0 aULFAH, Hidayati0 aAHMAD, I Muttaqin aBibliografi : hlm.500 aDivisi Penerbitan dan Dokumentasi Pusat Pendidikan Lingkungan Hidup (PPLH) Seloliman a7543 a a7543 b a7543 c a7543 d